Statystyki dla Najwięcej bramek w holenderskiej rep. piłki nożnej

Kliknij tutaj aby rozwiązać quiz!

Ogólne statystyki

  • Ten quiz został rozwiązany 81 razy
  • Średni wynik to 3 z 10

Statystyki odpowiedzi

Liczba goliPiłkarz% Poprawnych
37Arjen Robben
73%
31Wesley Sneijder
52%
37Dennis Bergkamp
43%
40Patrick Kluivert
42%
33Johan Cruijff
27%
50Robin van Persie
25%
35Ruud van Nistelrooy
21%
42Klaas-Jan Huntelaar
10%
33Abe Lenstra
1%
35Faas Wilkes
0%

Rozkład punktacji

Percentyl według liczby udzielonych odpowiedzi

Procent ludzi z każdym wynikiem

Twoja historia wyników

Nie rozwiązałeś tego quizu